Regional economic performance within the European Union
Salvato in:
| Autore principale: | |
|---|---|
| Altri autori: | |
| Natura: | Libro |
| Lingua: | inglese |
| Pubblicazione: |
Cheltenham
Edward Elgar
1999
|
| Soggetti: | |
| Tags: |
Nessun Tag, puoi essere il primo ad aggiungerne!!
|
MARC
| LEADER | 00000nam a2200000 4500 | ||
|---|---|---|---|
| 001 | c117234 | ||
| 005 | 20221108122149.8 | ||
| 020 | |a 1-85898-064-X | ||
| 041 | 0 | |a eng | |
| 044 | |a GB | ||
| 245 | 1 | 0 | |a Regional economic performance within the European Union |c Kenneth Button, Eric Pentecost |
| 264 | 1 | |a Cheltenham |b Edward Elgar |c 1999 | |
| 300 | |a [204] s. | ||
| 610 | 2 | 0 | |a hospodárstvo regionálne |
| 610 | 2 | 0 | |a Európska únia |
| 610 | 2 | 0 | |a infraštruktúra |
| 610 | 2 | 0 | |a rozvoj hospodársky |
| 100 | 1 | |a Button, Kenneth | |
| 700 | 1 | |a Pentecost, Eric | |